[Event "I Torneo Kuña Arandu 2012 Grupo B"]
[Site "Asunción PAR"]
[Date "2012.06.05"]
[Round "1.1"]
[White "Munoz, Carolina"]
[Black "Colombo, Camila"]
[Result "0-1"]
[WhiteElo "1994"]
[BlackElo "2056"]
[PlyCount "70"]
[EventDate "2012.06.05"]
[EventType "tourn"]
[EventRounds "9"]
[EventCountry "PAR"]
[Source "lmi"]
[SourceDate "2012.06.05"]

1. e4 e6 2. d4 d5 3. Nd2 Nf6 4. e5 Nfd7 5. Bd3 c5 6. c3 Nc6 7. Ne2 cxd4 8. cxd4
f6 9. exf6 Nxf6 10. Nf3 Bd6 11. O-O Qc7 12. Bg5 O-O 13. Bh4 g6 14. Nc3 a6 15.
Rc1 Qg7 16. Re1 Ng4 17. h3 Nh6 18. Bg5 Nxd4 19. Be4 Nhf5 20. Nxd4 Nxd4 21. Be3
Be5 22. f4 Bf6 23. Bxd5 exd5 24. Nxd5 Nf5 25. Rc7 Rf7 26. Qb3 Be6 27. Qxb7 Bxd5
28. Qxd5 Rd8 29. Rxf7 Qxf7 30. Qxf7+ Kxf7 31. Bb6 Rb8 32. Bc5 Rxb2 33. a3 Rc2
34. Bf2 Ra2 35. Rc1 Ra1 0-1

[Event "I Torneo Kuña Arandu 2012 Grupo B"]
[Site "Asunción PAR"]
[Date "2012.06.05"]
[Round "1.2"]
[White "Borda, Carla"]
[Black "Cordero, Daniela"]
[Result "1/2-1/2"]
[WhiteElo "1982"]
[BlackElo "2090"]
[PlyCount "31"]
[EventDate "2012.06.05"]
[EventType "tourn"]
[EventRounds "9"]
[EventCountry "PAR"]
[Source "lmi"]
[SourceDate "2012.06.05"]

1. e4 e6 2. d4 d5 3. exd5 exd5 4. Bd3 Nc6 5. c3 Bd6 6. Ne2 Qh4 7. Ng3 Bxg3 8.
fxg3 Qe7+ 9. Qe2 Bg4 10. Qxe7+ Ngxe7 11. O-O f6 12. Nd2 O-O-O 13. Nb3 Kb8 14.
Bd2 Nc8 15. Rad1 Nd6 16. Nc5 1/2-1/2

[Event "I Torneo Kuña Arandu 2012 Grupo B"]
[Site "Asunción PAR"]
[Date "2012.06.05"]
[Round "1.3"]
[White "Heredia Serrano, Carla"]
[Black "Perez, Dalila"]
[Result "1-0"]
[WhiteElo "2167"]
[BlackElo "1739"]
[PlyCount "51"]
[EventDate "2012.06.05"]
[EventType "tourn"]
[EventRounds "9"]
[EventCountry "PAR"]
[Source "lmi"]
[SourceDate "2012.06.05"]

1. e4 e6 2. d4 d5 3. Nc3 Nf6 4. Bg5 Be7 5. e5 Nfd7 6. h4 a6 7. Qg4 Bxg5 8. hxg5
c5 9. g6 f5 10. Qf4 h6 11. dxc5 Nxc5 12. O-O-O b6 13. Nf3 Rg8 14. g4 Qe7 15.
gxf5 Rf8 16. Nd4 Bd7 17. Qe3 Nc6 18. fxe6 Nxe6 19. Nxd5 Qc5 20. Nxe6 Bxe6 21.
Nc7+ Ke7 22. Qxc5+ bxc5 23. Rd6 Nd4 24. c3 Rac8 25. Nxe6 Nxe6 26. Bh3 1-0

[Event "I Torneo Kuña Arandu 2012 Grupo B"]
[Site "Asunción PAR"]
[Date "2012.06.05"]
[Round "1.5"]
[White "Martinez, Ayelen"]
[Black "Chumpitaz, Ann"]
[Result "0-1"]
[WhiteElo "2107"]
[BlackElo "2220"]
[PlyCount "178"]
[EventDate "2012.06.05"]
[EventType "tourn"]
[EventRounds "9"]
[EventCountry "PAR"]
[Source "lmi"]
[SourceDate "2012.06.05"]

1. d4 d5 2. c4 e6 3. Nf3 Nf6 4. e3 Be7 5. b3 O-O 6. Bd3 dxc4 7. bxc4 c5 8. O-O
b6 9. Nc3 Bb7 10. Bb2 cxd4 11. exd4 Kh8 12. Rc1 Nc6 13. Bb1 Na5 14. Ne5 Rc8 15.
Qe2 Ba6 16. Bd3 Nc6 17. Nxc6 Rxc6 18. Ne4 Qd7 19. Ng5 h6 20. Nf3 Rc7 21. Ne5
Qc8 22. f4 Bb7 23. f5 exf5 24. Bxf5 Qa8 25. d5 Qd8 26. Bb1 b5 27. Qc2 g6 28.
Kh1 Qd6 29. Ng4 Rxc4 30. Qxc4 bxc4 31. Nxf6 Qb4 32. Bc3 Qb5 33. Nd7+ Kg8 34.
Nxf8 Bxf8 35. Be4 Bxd5 36. Rb1 Qc6 37. Bxd5 Qxd5 38. Rfd1 Qa8 39. Bf6 Qc6 40.
Rf1 Bd6 41. Rbd1 g5 42. Bc3 Be7 43. Rb1 Qc7 44. Rb5 a6 45. Rbf5 Bd8 46. Rd5 Be7
47. Rdf5 Bf8 48. Re5 Bg7 49. Re8+ Kh7 50. Re3 Qd7 51. Ref3 Kg8 52. Rb1 Bxc3 53.
Rxc3 Qd2 54. Rxc4 Qxa2 55. Rc8+ Kg7 56. Rf1 a5 57. Rfc1 h5 58. R8c2 Qa3 59. Rc3
Qb4 60. Rc4 Qd2 61. R4c2 Qd4 62. Rc4 Qf2 63. R4c2 Qh4 64. Rc5 Qf4 65. R5c4 Qd2
66. R4c2 Qd3 67. Rc3 Qg6 68. Rc6 f6 69. Ra6 g4 70. Rxa5 h4 71. Ra4 Qf5 72. Rg1
Qd7 73. Rga1 Kg6 74. Ra7 Qd2 75. R7a2 Qg5 76. Ra5 Qh6 77. R5a4 Qg5 78. Ra5 f5
79. Ra6+ Kh5 80. Rf1 h3 81. g3 f4 82. Rd6 Qe5 83. Rd2 Qe4+ 84. Kg1 fxg3 85.
hxg3 Qe3+ 86. Rff2 Qxg3+ 87. Kh1 Kh4 88. Rd4 Qe3 89. Rdf4 Kg3 0-1

[Event "I Torneo Kuña Arandu 2012 Grupo B"]
[Site "Asunción PAR"]
[Date "2012.06.06"]
[Round "2.1"]
[White "Colombo, Camila"]
[Black "Chumpitaz, Ann"]
[Result "0-1"]
[WhiteElo "2056"]
[BlackElo "2220"]
[PlyCount "70"]
[EventDate "2012.06.05"]
[EventType "tourn"]
[EventRounds "9"]
[EventCountry "PAR"]
[Source "lmi"]
[SourceDate "2012.06.05"]

1. d4 Nf6 2. c4 g6 3. Nc3 Bg7 4. e4 d6 5. f3 O-O 6. Bg5 Nbd7 7. Nh3 c5 8. d5
Ne5 9. Nf2 Qa5 10. Qd2 a6 11. Be2 Rb8 12. a4 Qb4 13. b3 h6 14. Be3 Nfg4 15. Na2
Qxd2+ 16. Bxd2 Nxf2 17. Kxf2 f5 18. exf5 Bxf5 19. Rac1 b5 20. cxb5 axb5 21. f4
bxa4 22. Nc3 axb3 23. fxe5 b2 24. Rcd1 Bxe5 25. Bxh6 Rf7 26. Ke3 Bxc3 27. Bd3
Bd4+ 28. Kd2 Bxd3 29. Kxd3 Rf2 30. g3 Rb3+ 31. Kc4 Rff3 32. Bd2 Bg7 33. Rb1 Bh6
34. Ba5 Ra3 35. Be1 Bc1 0-1

[Event "I Torneo Kuña Arandu 2012 Grupo B"]
[Site "Asunción PAR"]
[Date "2012.06.06"]
[Round "2.2"]
[White "Fernandez, Maria Florencia"]
[Black "Martinez, Ayelen"]
[Result "1-0"]
[WhiteElo "2150"]
[BlackElo "2107"]
[PlyCount "71"]
[EventDate "2012.06.05"]
[EventType "tourn"]
[EventRounds "9"]
[EventCountry "PAR"]
[Source "lmi"]
[SourceDate "2012.06.05"]

1. d4 Nf6 2. c4 g6 3. Nc3 Bg7 4. e4 d6 5. f3 O-O 6. Be3 Nc6 7. Nge2 a6 8. Qd2
Na5 9. Nf4 b5 10. h4 bxc4 11. h5 Re8 12. hxg6 fxg6 13. g4 e6 14. Qh2 e5 15.
dxe5 Rxe5 16. Ncd5 Kf7 17. Bd2 c6 18. Nxf6 Qxf6 19. Bc3 Qg5 20. Qd2 h6 21. Bxa5
Rxa5 22. Bxc4+ Ke7 23. Nxg6+ Qxg6 24. Qxa5 Bxb2 25. Rb1 Bd4 26. Qh5 Qxh5 27.
Rxh5 Be3 28. Ke2 Bf4 29. Rb6 Kd7 30. Rxc6 Rb8 31. Bd5 Rb2+ 32. Kd3 Rd2+ 33. Kc3
Bb7 34. Rc4 Bxd5 35. exd5 Be3 36. Re4 1-0

[Event "I Torneo Kuña Arandu 2012 Grupo B"]
[Site "Asunción PAR"]
[Date "2012.06.06"]
[Round "2.3"]
[White "Perez, Dalila"]
[Black "Chang, Suzana"]
[Result "1-0"]
[WhiteElo "1739"]
[BlackElo "2013"]
[PlyCount "77"]
[EventDate "2012.06.05"]
[EventType "tourn"]
[EventRounds "9"]
[EventCountry "PAR"]
[Source "lmi"]
[SourceDate "2012.06.05"]

1. d4 Nf6 2. c4 e6 3. Nc3 Bb4 4. Bg5 O-O 5. Nf3 c5 6. Rc1 cxd4 7. Nxd4 d5 8.
cxd5 Qxd5 9. Bxf6 gxf6 10. e3 Qg5 11. h4 Qh6 12. Bd3 Nd7 13. f4 Nc5 14. Bb1 f5
15. Kf2 Bxc3 16. Rxc3 b6 17. b4 Ne4+ 18. Bxe4 fxe4 19. Rc7 Qf6 20. Nc6 Qb2+ 21.
Qe2 Qxe2+ 22. Kxe2 Ba6+ 23. Kf2 Bb5 24. Nd4 Bd3 25. Rh3 b5 26. h5 h6 27. g4 a5
28. a3 axb4 29. axb4 Ra2+ 30. Kg3 Rb2 31. g5 Rxb4 32. g6 Rb1 33. Rh2 Re1 34.
Rg2 Bf1 35. Rg1 Rxe3+ 36. Kf2 Rd3 37. gxf7+ Kh8 38. Nxe6 Rf3+ 39. Ke1 1-0

[Event "I Torneo Kuña Arandu 2012 Grupo B"]
[Site "Asunción PAR"]
[Date "2012.06.06"]
[Round "2.4"]
[White "Cordero, Daniela"]
[Black "Heredia Serrano, Carla"]
[Result "0-1"]
[WhiteElo "2090"]
[BlackElo "2167"]
[PlyCount "88"]
[EventDate "2012.06.05"]
[EventType "tourn"]
[EventRounds "9"]
[EventCountry "PAR"]
[Source "lmi"]
[SourceDate "2012.06.05"]

1. d4 d5 2. Nf3 Nf6 3. c4 c6 4. Qc2 dxc4 5. Qxc4 Bf5 6. e3 Nbd7 7. Nbd2 e6 8.
Be2 h6 9. O-O Be7 10. b4 a5 11. bxa5 Qxa5 12. Nb3 Qd5 13. Nfd2 Nb6 14. Qxd5
exd5 15. f3 h5 16. e4 dxe4 17. fxe4 Bxe4 18. Rxf6 Bxf6 19. Nxe4 Be7 20. Nbc5
O-O-O 21. Nb3 Nd5 22. a4 Bb4 23. Bb2 Rde8 24. Bf3 f5 25. Nf2 Re3 26. Nc5 Rhe8
27. h3 Nf4 28. Rb1 Re1+ 29. Rxe1 Rxe1+ 30. Kh2 h4 31. g3 Rf1 32. gxf4 Rxf2+ 33.
Bg2 Rxb2 34. Nd3 Rb1 35. Bf3 Be1 36. Bh5 Bg3+ 37. Kg2 Ra1 38. Bg6 Rxa4 39.
Bxf5+ Kb8 40. d5 cxd5 41. Kf3 Kc7 42. Bg6 Kd6 43. Be8 Ra3 44. Bb5 Rb3 0-1

[Event "I Torneo Kuña Arandu 2012 Grupo B"]
[Site "Asunción PAR"]
[Date "2012.06.06"]
[Round "2.5"]
[White "Munoz, Carolina"]
[Black "Borda, Carla"]
[Result "1/2-1/2"]
[WhiteElo "1994"]
[BlackElo "1982"]
[PlyCount "95"]
[EventDate "2012.06.05"]
[EventType "tourn"]
[EventRounds "9"]
[EventCountry "PAR"]
[Source "lmi"]
[SourceDate "2012.06.05"]

1. e4 c6 2. d4 d5 3. Nd2 dxe4 4. Nxe4 Bf5 5. Ng3 Bg6 6. h4 h6 7. Nf3 Nf6 8. Ne5
Bh7 9. Bc4 e6 10. Qe2 Qe7 11. Bd3 Bxd3 12. Nxd3 Nbd7 13. Bd2 Nd5 14. O-O-O
O-O-O 15. Ne4 N7f6 16. f3 Qc7 17. c4 Nb6 18. Bf4 Qd7 19. Ne5 Qe8 20. g4 Be7 21.
Kb1 Nxe4 22. fxe4 f6 23. Nf3 g5 24. hxg5 hxg5 25. Bg3 Qg6 26. Ka1 Na8 27. Rxh8
Rxh8 28. d5 e5 29. d6 Bxd6 30. Rxd6 Rh1+ 31. Be1 Qg7 32. Qg2 Rh8 33. Qd2 Nb6
34. b3 Nd7 35. Qa5 a6 36. Rd1 Rh3 37. Ng1 Rh2 38. Rd2 Rh1 39. Bf2 Qh7 40. Qc3
Qxe4 41. Qd3 Qxg4 42. Qd6 Rxg1+ 43. Bxg1 Qxg1+ 44. Kb2 Qg4 45. Qe7 Qf5 46. Rh2
Kc7 47. c5 Qd3 48. Rh7 1/2-1/2

[Event "I Torneo Kuña Arandu 2012 Grupo B"]
[Site "Asunción PAR"]
[Date "2012.06.07"]
[Round "3.1"]
[White "Borda, Carla"]
[Black "Colombo, Camila"]
[Result "0-1"]
[WhiteElo "1982"]
[BlackElo "2056"]
[PlyCount "86"]
[EventDate "2012.06.05"]
[EventType "tourn"]
[EventRounds "9"]
[EventCountry "PAR"]
[Source "lmi"]
[SourceDate "2012.06.05"]

1. e4 c5 2. Nf3 Nc6 3. d4 cxd4 4. Nxd4 g6 5. g3 Bg7 6. Ne2 Nf6 7. Bg2 O-O 8.
O-O d6 9. Nbc3 a6 10. Bg5 Rb8 11. Qc1 Re8 12. a4 b5 13. axb5 axb5 14. Nd5 Nxd5
15. exd5 Na5 16. Ra2 Bg4 17. Re1 Rc8 18. Qd2 Nc4 19. Qb4 h6 20. Bc1 Ne5 21. Qb3
Rc4 22. f4 Nd7 23. Be3 Qb8 24. c3 Nc5 25. Qd1 b4 26. h3 b3 27. Ra3 Bf5 28. Nd4
Bxd4 29. Bxd4 Bc2 30. Qa1 Nd3 31. Re3 Rc7 32. Be4 Nc5 33. Bxc2 bxc2 34. b4 Ra7
35. Rxa7 Nb3 36. Qb2 c1=Q+ 37. Qxc1 Nxc1 38. Raxe7 Rxe7 39. Rxe7 Kf8 40. Bf6
Qb6+ 41. Kg2 Qb5 42. Re1 Qxd5+ 43. Kh2 Qd2+ 0-1

[Event "I Torneo Kuña Arandu 2012 Grupo B"]
[Site "Asunción PAR"]
[Date "2012.06.07"]
[Round "3.2"]
[White "Heredia Serrano, Carla"]
[Black "Munoz, Carolina"]
[Result "1-0"]
[WhiteElo "2167"]
[BlackElo "1994"]
[PlyCount "51"]
[EventDate "2012.06.05"]
[EventType "tourn"]
[EventRounds "9"]
[EventCountry "PAR"]
[Source "lmi"]
[SourceDate "2012.06.05"]

1. e4 c5 2. Nf3 d6 3. d4 cxd4 4. Nxd4 Nf6 5. Nc3 a6 6. Qf3 e5 7. Nf5 g6 8. Nh6
Be6 9. Bg5 Nbd7 10. h3 Rc8 11. Bd3 b5 12. O-O Bg7 13. Rfd1 Qe7 14. a4 b4 15.
Bxa6 Rc5 16. Nb5 d5 17. exd5 e4 18. Qf4 Bxh6 19. Nd6+ Kf8 20. Nb7 Ke8 21. Nxc5
Nxd5 22. Rxd5 Bxd5 23. Bxh6 Nxc5 24. Bb5+ Nd7 25. Qb8+ Qd8 26. Qe5+ 1-0

[Event "I Torneo Kuña Arandu 2012 Grupo B"]
[Site "Asunción PAR"]
[Date "2012.06.07"]
[Round "3.3"]
[White "Chang, Suzana"]
[Black "Cordero, Daniela"]
[Result "1/2-1/2"]
[WhiteElo "2013"]
[BlackElo "2090"]
[PlyCount "132"]
[EventDate "2012.06.05"]
[EventType "tourn"]
[EventRounds "9"]
[EventCountry "PAR"]
[Source "lmi"]
[SourceDate "2012.06.05"]

1. e4 e6 2. d4 d5 3. exd5 exd5 4. Bd3 Nc6 5. c3 Bd6 6. h3 Nge7 7. Qc2 Be6 8.
Ne2 Qd7 9. Bf4 O-O-O 10. Nd2 h5 11. O-O-O h4 12. Kb1 Bxf4 13. Nxf4 Bf5 14. Rhe1
g5 15. Bxf5 Qxf5 16. Qxf5+ Nxf5 17. Nd3 Rde8 18. Nf3 f6 19. Nh2 Nh6 20. f4 b6
21. fxg5 fxg5 22. Nf3 Nf7 23. Nf2 Nd6 24. Ng4 Ne4 25. Nfe5 Nxe5 26. dxe5 c6 27.
c4 Rd8 28. cxd5 cxd5 29. Rf1 Rh7 30. Rd4 Rc7 31. Nf6 Nxf6 32. Rxf6 Re7 33. Rf5
Kb7 34. Rxg5 Rf7 35. a3 Rh7 36. Kc2 Kc6 37. b4 Rh6 38. Rg7 a6 39. Rf7 Rh5 40.
Rf6+ Kc7 41. e6 Re8 42. Rg6 Re7 43. Rd2 Kd6 44. Re2 Rf5 45. Kd3 Rf4 46. Rh6 b5
47. Rh8 Rc4 48. Ra8 Rc6 49. Rh8 Rc4 50. Rd8+ Kc6 51. Re5 Rc1 52. Rc8+ Kd6 53.
Rxd5+ Kxd5 54. Rxc1 Rxe6 55. Rc5+ Kd6 56. Rh5 Rg6 57. Rxh4 Rxg2 58. Rh6+ Kd5
59. Rh5+ Kd6 60. Kd4 Rg3 61. Rh6+ Kc7 62. Rxa6 Rxh3 63. Rf6 Rh4+ 64. Kd5 Rh5+
65. Kd4 Rh4+ 66. Kd3 Rh3+ 1/2-1/2

[Event "I Torneo Kuña Arandu 2012 Grupo B"]
[Site "Asunción PAR"]
[Date "2012.06.07"]
[Round "3.4"]
[White "Martinez, Ayelen"]
[Black "Perez, Dalila"]
[Result "1-0"]
[WhiteElo "2107"]
[BlackElo "1739"]
[PlyCount "71"]
[EventDate "2012.06.05"]
[EventType "tourn"]
[EventRounds "9"]
[EventCountry "PAR"]
[Source "lmi"]
[SourceDate "2012.06.05"]

1. d4 d5 2. c4 c6 3. Nf3 Bf5 4. Nc3 Nf6 5. Qb3 Qb6 6. Nh4 Qxb3 7. axb3 Bc2 8.
b4 e6 9. c5 Be7 10. Nf3 Nbd7 11. b5 O-O 12. h3 Rfc8 13. Bf4 Ne4 14. Nxe4 Bxe4
15. e3 Nf6 16. Be2 h6 17. O-O cxb5 18. Bxb5 Bxf3 19. gxf3 a6 20. Bd3 Nd7 21.
Rfc1 Rc6 22. Bb5 Rac8 23. Bxc6 Rxc6 24. b4 Nf8 25. b5 axb5 26. Rcb1 Ng6 27. Bg3
e5 28. Rxb5 exd4 29. exd4 Bf6 30. Rd1 Ne7 31. Rxb7 Nf5 32. Rb6 Rc8 33. c6 Nxd4
34. c7 Kh7 35. Rb8 Ne2+ 36. Kg2 1-0

[Event "I Torneo Kuña Arandu 2012 Grupo B"]
[Site "Asunción PAR"]
[Date "2012.06.07"]
[Round "3.5"]
[White "Chumpitaz, Ann"]
[Black "Fernandez, Maria Florencia"]
[Result "0-1"]
[WhiteElo "2220"]
[BlackElo "2150"]
[PlyCount "126"]
[EventDate "2012.06.05"]
[EventType "tourn"]
[EventRounds "9"]
[EventCountry "PAR"]
[Source "lmi"]
[SourceDate "2012.06.05"]

1. e4 c5 2. Nf3 d6 3. d4 cxd4 4. Nxd4 Nf6 5. Nc3 g6 6. Be3 Bg7 7. f3 O-O 8. Qd2
Nc6 9. O-O-O d5 10. Kb1 Nxd4 11. e5 Nf5 12. exf6 exf6 13. Bc5 d4 14. Bxf8 Qxf8
15. Nb5 Ne3 16. Re1 f5 17. Nxd4 f4 18. Nb3 Bf5 19. Bd3 Rd8 20. Qe2 Qd6 21. Bxf5
Qf6 22. c3 Qxf5+ 23. Kc1 Rc8 24. g4 Qf6 25. Kb1 Qb6 26. Qd3 a5 27. Qe4 Nc4 28.
Qd5 Qf2 29. Nd2 Qxd2 30. Qxd2 Nxd2+ 31. Kc2 Nxf3 32. Ref1 Nd4+ 33. Kb1 Ne6 34.
Rd1 a4 35. a3 Rc4 36. Rhf1 Bf8 37. Kc2 Rc7 38. Rd5 Bc5 39. Kd3 Be3 40. Ke2 Rc6
41. Rb5 Rb6 42. Rxb6 Bxb6 43. Kf3 Be3 44. h4 Nc5 45. Rd1 Kg7 46. Rd5 Kf6 47.
Rd8 Nb3 48. Rd7 Nd2+ 49. Ke2 b6 50. Ra7 Nc4 51. Rxa4 Ne5 52. b4 Nxg4 53. Ra6
Kf5 54. Ra7 Ne5 55. Re7 Ke4 56. a4 f3+ 57. Kf1 Kf4 58. Ke1 Nc4 59. Rxf7+ Kg3
60. Rxh7 Nd2 61. Rf7 Bf4 62. Rxf4 Kxf4 63. Kxd2 Kg3 0-1

[Event "I Torneo Kuña Arandu 2012 Grupo B"]
[Site "Asunción PAR"]
[Date "2012.06.08"]
[Round "4.1"]
[White "Colombo, Camila"]
[Black "Fernandez, Maria Florencia"]
[Result "1/2-1/2"]
[WhiteElo "2056"]
[BlackElo "2150"]
[PlyCount "95"]
[EventDate "2012.06.05"]
[EventType "tourn"]
[EventRounds "9"]
[EventCountry "PAR"]
[Source "lmi"]
[SourceDate "2012.06.05"]

1. d4 Nf6 2. c4 g6 3. Nc3 Bg7 4. e4 d6 5. f3 O-O 6. Bg5 c5 7. d5 e6 8. Nge2
exd5 9. Nxd5 Nbd7 10. Qd2 h6 11. Bh4 b5 12. cxb5 Re8 13. Nec3 Nxe4 14. Bxd8
Nxd2+ 15. Kxd2 Rxd8 16. Ne7+ Kf8 17. Nc6 Bxc3+ 18. bxc3 Re8 19. Bd3 Nb6 20. a4
Bd7 21. Na5 d5 22. Nb7 c4 23. Bc2 Bc8 24. Nc5 Nd7 25. Nxd7+ Bxd7 26. Rhe1 Rab8
27. Rxe8+ Rxe8 28. Rb1 Rb8 29. h4 Rb6 30. Ke3 Ke7 31. Kd4 Kd6 32. h5 g5 33. Re1
a6 34. Re5 Be6 35. bxa6 Rxa6 36. g4 Rb6 37. Re2 Rb2 38. Bd3 Rb3 39. Bc2 Ra3 40.
Bd1 Ra1 41. Bc2 Ra2 42. Bd1 Ra1 43. Bc2 Bd7 44. Re5 Bc6 45. Rf5 Ke6 46. Re5+
Kd6 47. Rf5 Ke6 48. Re5+ 1/2-1/2

[Event "I Torneo Kuña Arandu 2012 Grupo B"]
[Site "Asunción PAR"]
[Date "2012.06.08"]
[Round "4.3"]
[White "Cordero, Daniela"]
[Black "Martinez, Ayelen"]
[Result "0-1"]
[WhiteElo "2090"]
[BlackElo "2107"]
[PlyCount "82"]
[EventDate "2012.06.05"]
[EventType "tourn"]
[EventRounds "9"]
[EventCountry "PAR"]
[Source "lmi"]
[SourceDate "2012.06.05"]

1. d4 Nf6 2. Nf3 g6 3. Bg5 Bg7 4. Nbd2 d5 5. c3 O-O 6. e3 h6 7. Bh4 c5 8. Bd3
Nc6 9. O-O Qe8 10. Bxf6 Bxf6 11. dxc5 Qd8 12. Qc2 Qc7 13. e4 Be6 14. Rad1 Rad8
15. Rfe1 Qf4 16. exd5 Bxd5 17. Ne4 Bg7 18. Qe2 f5 19. Bc4 fxe4 20. Bxd5+ Rxd5
21. Rxd5 exf3 22. Qxf3 Qxf3 23. gxf3 Rxf3 24. Rd7 b5 25. cxb6 axb6 26. Rb7 Rf5
27. Rxb6 Ne5 28. Rd1 Kf7 29. a4 Nf3+ 30. Kg2 Ne5 31. Ra1 Nd3 32. a5 Rxf2+ 33.
Kh1 Nxb2 34. a6 Nc4 35. Rb8 Ne5 36. Kg1 Rc2 37. a7 Nf3+ 38. Kf1 Nxh2+ 39. Ke1
Ng4 40. Rc8 Bd4 41. a8=Q Bf2+ 0-1

[Event "I Torneo Kuña Arandu 2012 Grupo B"]
[Site "Asunción PAR"]
[Date "2012.06.08"]
[Round "4.4"]
[White "Munoz, Carolina"]
[Black "Chang, Suzana"]
[Result "1/2-1/2"]
[WhiteElo "1994"]
[BlackElo "2013"]
[PlyCount "59"]
[EventDate "2012.06.05"]
[EventType "tourn"]
[EventRounds "9"]
[EventCountry "PAR"]
[Source "lmi"]
[SourceDate "2012.06.05"]

1. e4 e5 2. d4 exd4 3. Nf3 Nc6 4. Nxd4 Nf6 5. Nxc6 bxc6 6. e5 Qe7 7. Qe2 Nd5 8.
c4 Ba6 9. b3 g6 10. Bb2 Bg7 11. g3 O-O 12. Nd2 Rae8 13. O-O-O Nb6 14. f4 f6 15.
exf6 Bxf6 16. Qxe7 Bxb2+ 17. Kxb2 Rxe7 18. Bd3 c5 19. Rhe1 Rfe8 20. Rxe7 Rxe7
21. Ne4 d6 22. Rd2 Kg7 23. Kc2 Bc8 24. Nc3 Bg4 25. Be4 h6 26. Kd3 Kf6 27. Rf2
Bf5 28. Re2 Bg4 29. Re3 Bd7 30. Ke2 1/2-1/2

[Event "I Torneo Kuña Arandu 2012 Grupo B"]
[Site "Asunción PAR"]
[Date "2012.06.08"]
[Round "4.5"]
[White "Borda, Carla"]
[Black "Heredia Serrano, Carla"]
[Result "0-1"]
[WhiteElo "1982"]
[BlackElo "2167"]
[PlyCount "126"]
[EventDate "2012.06.05"]
[EventType "tourn"]
[EventRounds "9"]
[EventCountry "PAR"]
[Source "lmi"]
[SourceDate "2012.06.05"]

1. e4 c5 2. Nf3 Nc6 3. d4 cxd4 4. Nxd4 g6 5. Nc3 Bg7 6. Nde2 Nf6 7. g3 d6 8.
Bg2 Bd7 9. h3 Qc8 10. Be3 O-O 11. f4 Na5 12. Bd4 Nc4 13. Nd5 Nxd5 14. exd5 Nxb2
15. Qc1 Bxd4 16. Nxd4 Qc3+ 17. Qd2 Qxg3+ 18. Kf1 e5 19. fxe5 dxe5 20. Ne2 Bb5
21. Kg1 Qh4 22. Nc3 Qb4 23. Qe1 Qd4+ 24. Kh2 Ba6 25. Ne4 f5 26. c3 Qb6 27. Ng5
e4 28. Qh4 Qd6+ 29. Kg1 h5 30. Ne6 Qxd5 31. Nxf8 Rxf8 32. Qg5 Qc5+ 33. Kh2 Qd6+
34. Kg1 Nd3 35. Qe3 Nf4 36. Bf1 Nd5 37. Qe1 Qb6+ 38. Kh2 Qb2+ 39. Bg2 Qxc3 40.
Qxc3 Nxc3 41. Rhc1 Nd5 42. Re1 Bd3 43. Rac1 Kf7 44. Rc5 Rd8 45. Rec1 Kf6 46. h4
Ke5 47. Rg1 Kd4 48. Ra5 a6 49. Bh3 Rd6 50. Rg3 b5 51. Ra3 Rc6 52. Rb3 Nf4 53.
Rb2 a5 54. Rg1 b4 55. Bf1 Rc3 56. Bxd3 exd3 57. Rf2 Rc2 58. Rgf1 Ke3 59. Kg3
Rxf2 60. Rxf2 Ne2+ 61. Kg2 a4 62. Rf1 f4 63. Ra1 f3+ 0-1

[Event "I Torneo Kuña Arandu 2012 Grupo B"]
[Site "Asunción PAR"]
[Date "2012.06.10"]
[Round "5.1"]
[White "Heredia Serrano, Carla"]
[Black "Colombo, Camila"]
[Result "1-0"]
[WhiteElo "2167"]
[BlackElo "2056"]
[PlyCount "51"]
[EventDate "2012.06.05"]
[EventType "tourn"]
[EventRounds "9"]
[EventCountry "PAR"]
[Source "lmi"]
[SourceDate "2012.06.05"]

1. e4 c5 2. Nf3 Nc6 3. Bb5 g6 4. O-O Bg7 5. Re1 Nf6 6. e5 Nd5 7. Nc3 Nc7 8.
Bxc6 dxc6 9. Ne4 b6 10. Nf6+ Kf8 11. Ne4 h6 12. d3 Kg8 13. Bd2 Ne6 14. Ng3 Nd4
15. Re4 f5 16. exf6 exf6 17. Nxd4 cxd4 18. Qe2 Kh7 19. Re1 c5 20. Re7 f5 21.
Qf3 Rb8 22. Qf4 g5 23. Qxb8 Kg6 24. h4 gxh4 25. Rxa7 Bf6 26. Ne2 1-0

[Event "I Torneo Kuña Arandu 2012 Grupo B"]
[Site "Asunción PAR"]
[Date "2012.06.10"]
[Round "5.2"]
[White "Chang, Suzana"]
[Black "Borda, Carla"]
[Result "0-1"]
[WhiteElo "2013"]
[BlackElo "1982"]
[PlyCount "120"]
[EventDate "2012.06.05"]
[EventType "tourn"]
[EventRounds "9"]
[EventCountry "PAR"]
[Source "lmi"]
[SourceDate "2012.06.05"]

1. e4 c6 2. d4 d5 3. exd5 cxd5 4. Bd3 Nc6 5. c3 Nf6 6. Bf4 Bg4 7. Qb3 Qc8 8.
Nd2 e6 9. Ngf3 a6 10. O-O Be7 11. Rae1 b5 12. Ne5 Bh5 13. Ndf3 Nd7 14. Qc2 Bxf3
15. Nxf3 h6 16. Qe2 Bd8 17. a4 b4 18. c4 Ne7 19. c5 Bc7 20. Bd2 Nc6 21. Bb1 Nf6
22. h3 Qb8 23. Bd3 Qc8 24. Rc1 O-O 25. Rfe1 Re8 26. Ne5 Bxe5 27. dxe5 Nd7 28.
Bf4 Nf8 29. Qg4 Kh8 30. Re3 Ne7 31. h4 Nfg6 32. Bg3 Nf5 33. Bxf5 exf5 34. Qxb4
Rb8 35. Qd4 Qe6 36. h5 Ne7 37. Rd3 a5 38. Qc3 Rb4 39. f4 Rc8 40. Qd2 Rxa4 41.
Bh4 Nc6 42. Rxd5 Nb4 43. Rd6 Qe8 44. Bf2 Nc6 45. Rd1 Kh7 46. Be3 Rb4 47. Rc1
Rcb8 48. Rc2 Rd8 49. Qd5 Rc8 50. Qd3 Re4 51. Bd2 Rb8 52. g4 Qc8 53. Kf2 Nb4 54.
Bxb4 Rbxb4 55. Kg3 Rxf4 56. gxf5 Rg4+ 57. Kh2 Rbe4 58. Re2 Qxf5 59. Rxe4 Qf2+
60. Kh3 Qg2# 0-1

[Event "I Torneo Kuña Arandu 2012 Grupo B"]
[Site "Asunción PAR"]
[Date "2012.06.10"]
[Round "5.3"]
[White "Martinez, Ayelen"]
[Black "Munoz, Carolina"]
[Result "1/2-1/2"]
[WhiteElo "2107"]
[BlackElo "1994"]
[PlyCount "62"]
[EventDate "2012.06.05"]
[EventType "tourn"]
[EventRounds "9"]
[EventCountry "PAR"]
[Source "lmi"]
[SourceDate "2012.06.05"]

1. d4 d5 2. c4 c6 3. Nf3 Nf6 4. e3 Bg4 5. h3 Bxf3 6. Qxf3 e6 7. Nc3 Nbd7 8. Bd2
Bb4 9. Bd3 O-O 10. O-O-O dxc4 11. Bxc4 Nb6 12. Bd3 Nbd5 13. Nxd5 Bxd2+ 14. Rxd2
cxd5 15. Kb1 Rc8 16. g4 Qa5 17. Rdd1 Rc6 18. g5 Ne4 19. Bxe4 dxe4 20. Qxe4 Ra6
21. a3 Rb6 22. Qd3 Qxg5 23. h4 Qa5 24. h5 Rc8 25. Rc1 Rxc1+ 26. Rxc1 Rc6 27.
Rxc6 bxc6 28. Qe2 h6 29. e4 Qb6 30. Qd2 Qb5 31. Qd1 Qc4 1/2-1/2

[Event "I Torneo Kuña Arandu 2012 Grupo B"]
[Site "Asunción PAR"]
[Date "2012.06.10"]
[Round "5.4"]
[White "Chumpitaz, Ann"]
[Black "Cordero, Daniela"]
[Result "1-0"]
[WhiteElo "2220"]
[BlackElo "2090"]
[PlyCount "97"]
[EventDate "2012.06.05"]
[EventType "tourn"]
[EventRounds "9"]
[EventCountry "PAR"]
[Source "lmi"]
[SourceDate "2012.06.05"]

1. e4 e6 2. d4 d5 3. Nc3 Nf6 4. Bg5 Bb4 5. e5 h6 6. Be3 Ne4 7. Qg4 g6 8. a3
Bxc3+ 9. bxc3 Nxc3 10. Bd3 Qd7 11. Nf3 b6 12. h4 Ba6 13. h5 Bxd3 14. cxd3 g5
15. Rc1 Na4 16. Nxg5 Na6 17. Nh7 O-O-O 18. Nf6 Qb5 19. Qe2 Qb2 20. Qxb2 Nxb2
21. Rc2 Nxd3+ 22. Kd2 Nxe5 23. dxe5 d4 24. Bf4 c5 25. g4 Nc7 26. a4 Nd5 27.
Nxd5 Rxd5 28. Rcc1 Kd7 29. Rcg1 c4 30. g5 hxg5 31. Bxg5 Rxe5 32. Bf6 Rhxh5 33.
Bxe5 Rxe5 34. Rh4 Rd5 35. Rc1 c3+ 36. Kd3 e5 37. f4 f6 38. fxe5 fxe5 39. Rh6
Kc7 40. Rg1 Kb7 41. Rg7+ Ka6 42. Rhh7 Ka5 43. Kc4 Rc5+ 44. Kb3 a6 45. Rc7 e4
46. Rxc5+ bxc5 47. Rh5 Kb6 48. Rh6+ Ka5 49. Rc6 1-0